Character Ice Cream Quiz Stats

 Plays Quiz Updated Jun 30, 2018

Challenge
Share
Tweet
Score 0/15 Timer 03:00
0 Plays Today
% Correct
Mickey Mouse
99.2%
SpongeBob SquarePants
97.5%
Snoopy
93.9%
Bugs Bunny
91.1%
Batman
89.9%
The Pink Panther
89.3%
Tweety Bird
89.1%
Sonic the Hedgehog
88.9%
% Correct
Hello Kitty
87.3%
Iron Man
86.5%
Raphael
85.7%
Pikachu
84%
Spider-Man
80.7%
Mario
79.3%
Dora the Explorer
70.5%

You're not logged in!

Compare scores with friends on all Sporcle quizzes.
Join for Free
OR
Log In

You Might Also Like...

Show Comments

Extras

Top Quizzes Today


Score Distribution

Your Account Isn't Verified!

In order to create a playlist on Sporcle, you need to verify the email address you used during registration. Go to your Sporcle Settings to finish the process.

Report this User

Report this user for behavior that violates our Community Guidelines.

Details: